000 00552nam a2200169 a 4500
001 000046593
005 20201002053003.0
008 150908s1992 dr a r 000 0 spa d
040 _aDO-SdBNP
_bspa
_cBNPHU
082 _axxxx
_bR173L, 1992
100 1 _aRamírez de Tena, Ligia
_974569
245 1 3 _aEl lenguaje al servicio de la comunicación :
_beducación primaria 6o /
_cLigia Ramírez de Tena.
250 _a2da ed. re-evaluada
260 _aSanto Domingo :
_bDisesa,
_c1992.
300 _a168 p. :
_bil. ;
_c27 cm.
590 _aInventariado, 2018/LP
999 _c46082
_d46082